<?xml version="1.0" encoding="UTF-8"?>
<marc:record xmlns:marc="http://www.loc.gov/MARC21/slim">
   <marc:leader>00000nam a2200000 a 4500</marc:leader>
   <marc:datafield ind1="1" ind2=" " tag="100">
      <marc:subfield code="a">Soder, Stefan</marc:subfield>
      <marc:subfield code="4">aut</marc:subfield>
      <marc:subfield code="e">Verfasser/-in</marc:subfield>
   </marc:datafield>
   <marc:datafield ind1="0" ind2="0" tag="245">
      <marc:subfield code="a">Die Tour</marc:subfield>
   </marc:datafield>
   <marc:datafield ind1="0" ind2="0" tag="245">
      <marc:subfield code="b">Roman</marc:subfield>
   </marc:datafield>
   <marc:datafield ind1="0" ind2="0" tag="245">
      <marc:subfield code="c">Soder, Stefan</marc:subfield>
   </marc:datafield>
   <marc:datafield ind1=" " ind2="1" tag="264">
      <marc:subfield code="a">Wien</marc:subfield>
      <marc:subfield code="b">Braumüller</marc:subfield>
      <marc:subfield code="c">2019</marc:subfield>
   </marc:datafield>
   <marc:datafield ind1="1" ind2=" " tag="520">
      <marc:subfield code="a">Ein Lehrer, der die Schule schwänzt, um sich intimen Obsessionen hinzugeben. Ein erfolgreicher, mit sich hadernder Berater in der internationalen Finanzbranche im privaten Gewissenskonflikt.&#xD;
Mithilfe von dessen Ehefrau überredet Bernd seinen alten Freund Franz zu einer gemeinsamen Skitour. In ihrer Jugend unzertrennlich, haben die beiden seit vielen Jahren nichts mehr zu zweit unternommen. Während sie den Berg besteigen, tauchen sie in ihre Vergangenheit ein, die sie verbindet und zugleich unausgesprochen zwischen ihnen steht. &#xD;
Ein Roman über Heimat und Entwurzelung, echte Freundschaft und Entfremdung, dörfliche Enge und Verlorenheit in einer globalisierten Welt. (Verlagsmeldung)</marc:subfield>
   </marc:datafield>
   <marc:datafield ind1=" " ind2=" " tag="020">
      <marc:subfield code="a">9783992002467</marc:subfield>
      <marc:subfield code="9">9783992002467</marc:subfield>
   </marc:datafield>
   <marc:datafield ind1=" " ind2=" " tag="020">
      <marc:subfield code="a">3992002462</marc:subfield>
      <marc:subfield code="9">3992002462</marc:subfield>
   </marc:datafield>
   <marc:datafield ind1=" " ind2=" " tag="041">
      <marc:subfield code="a">ger</marc:subfield>
   </marc:datafield>
   <marc:datafield ind1=" " ind2=" " tag="338">
      <marc:subfield code="a">Band</marc:subfield>
   </marc:datafield>
   <marc:datafield ind1=" " ind2=" " tag="300">
      <marc:subfield code="a">263 Seiten</marc:subfield>
   </marc:datafield>
</marc:record>
